Élelmiszergazdaságunk helyzete, fejlődésének főbb vonásai
Elmentve itt :
| Szerző: | |
|---|---|
| Dokumentumtípus: | Cikk |
| Megjelent: |
1971-04-14
|
| Sorozat: | Délmagyarország
61 No. 87 |
| Kulcsszavak: | mezőgazdaság |
| Online Access: | http://dmarchiv.bibl.u-szeged.hu/90799 |
| LEADER | 00493nab a2200157 i 4500 | ||
|---|---|---|---|
| 001 | delm90799 | ||
| 005 | 20190424132444.0 | ||
| 008 | 190424s1971 hu o 0|| hun d | ||
| 040 | |a SZTE Délmagyarország Archívum |b hun | ||
| 041 | |a hun | ||
| 100 | 1 | |a Abonyi Gyuláné, | |
| 245 | 1 | 0 | |a Élelmiszergazdaságunk helyzete, fejlődésének főbb vonásai |h [elektronikus dokumentum] / |c dr. Abonyi Gyuláné, |
| 260 | |c 1971-04-14 | ||
| 300 | |a 4 | ||
| 490 | 0 | |a Délmagyarország |v 61 No. 87 | |
| 695 | |a mezőgazdaság | ||